| 000 | 006110000a22002530004500 | ||
|---|---|---|---|
| 082 |
_aN327.5426054 _bRe755n _cD |
||
| 518 | _a20080615 | ||
| 530 | _aDis | ||
| 100 | _aRegmi, Kapil Prasad | ||
| 245 | _aNepal Bharat sambandha, 1950-1990 | ||
| 260 | _aJanakpur | ||
| 502 |
_aDissertation _bDegree in Political Science _cT.U. |
||
| 260 | _c1998 | ||
| 300 | _a158p. | ||
| 041 | _aNep | ||
| 500 | _aBibliography: p. 157-158 | ||
| 650 | _aInternational relations | ||
| 650 | _aPolitical parties | ||
| 650 | _aDemocracy | ||
| 650 | _aGovernment | ||
| 651 | _aNepal | ||
| 651 | _aBharat | ||
| 942 | _cGEN | ||
| 999 |
_c45518 _d45518 |
||